YHLQMDLG - Bad Bunny - Estadísticas

Estadísticas generales
  • Esta prueba ha sido intentada 81 veces
  • La puntuación promedio es 14 de 20
Estadísticas de respuestas
Hint Respuesta % Correcto
ft. Jowell & Randy, Ñengo Flow Safaera
88%
Si Veo a Tu Mamá
86%
ft. Daddy Yankee La Santa
84%
ft. Mora Una Vez
83%
ft. Duki, Pablo Chill-E Hablamos Mañana
77%
ft. Sech Ignorantes
77%
ft. Yaviah Bichiyal
75%
<3
73%
ft. Anuel AA Está Cabron Ser Yo
72%
La Zona
70%
Yo Perreo Sola
70%
ft. Arcángel, Kendo Kaponi P FKN R
67%
ft. Myke Towers Puesto Pa' Guerrial
66%
ft. Ñengo Flow Que Malo
66%
25/8
61%
La Difícil
61%
Vete
58%
A Tu Merced
55%
Soliá
55%
Pero Ya No
52%
No se encontraron pruebas coincidentes
Distribución de puntuación
Porcentaje de gente con cada puntuación
Porcentaje por número respondido
Historial de tus puntuaciones
No has intentado esta prueba.